Countries With Circles On Their Flag - Sudden Death - Statistics

General Stats
  • This quiz has been taken 147 times
  • The average score is 9 of 15
Answers on the Grid
Answers color-coded by a green-red scale on the quiz's grid according to % correct below.
Japan
Palau
Bangladesh
Brazil
Belize
Niger
India
North Korea
South Korea
Grenada
Uganda
Dominica
Laos
Tunisia
Ethiopia
South Africa
Angola
Kuwait
Colombia
Cuba
New Zealand
Tonga
Austria
Gabon
Lithuania
Bhutan
Vietnam
Georgia
Morocco
Uzbekistan
 
Answer Stats
Answer % Correct
Brazil
81%
India
80%
Japan
78%
Bangladesh
76%
South Korea
72%
North Korea
69%
Palau
67%
Laos
66%
Niger
62%
Ethiopia
53%
Tunisia
49%
Dominica
48%
Belize
47%
Uganda
38%
Grenada
34%
No matching quizzes found
Score Distribution
Percent of People with Each Score
Percentile by Number Answered
Your Score History
You have not taken this quiz